Central Library OPAC University of Rajshahi

Teach yourself good English : (Record no. 51020)

MARC details
000 -LEADER
fixed length control field 00886nam a2200253 a 4500
001 - CONTROL NUMBER
control field 51020
003 - CONTROL NUMBER IDENTIFIER
rucl marc code BD-RjUL
005 - DATE AND TIME OF LATEST TRANSACTION
control field 20211209075611.0
008 - FIXED-LENGTH DATA ELEMENTS--GENERAL INFORMATION
fixed length control field 160829r19491938unk 001 0 eng d
035 ## - SYSTEM CONTROL NUMBER
System control number (BD-RjUL)51140
040 ## - CATALOGING SOURCE
Original cataloging agency ORL
Transcribing agency ORL
Modifying agency BD-RjUL
Language of cataloging eng
041 ## - LANGUAGE CODE
Language code of text/sound track or separate title eng
082 ## - DEWEY DECIMAL CLASSIFICATION NUMBER
Edition number 23
Author mark and year THT 1949
Classification number 808
100 1# - MAIN ENTRY--PERSONAL NAME
Personal name Thornton, G. H.
Fuller form of name (George H.)
9 (RLIN) 152655
245 10 - TITLE STATEMENT
Title Teach yourself good English :
Remainder of title a practical book of self-instruction in English composition /
Statement of responsibility, etc. based on the work by G. H. Thornton, completely revised and enl. by Kathleen Baron.
260 ## - PUBLICATION, DISTRIBUTION, ETC. (IMPRINT)
Place of publication, distribution, etc. London :
Name of publisher, distributor, etc. English Universities Pr.,
Date of publication, distribution, etc. 1938 [ Reprinted 1949 ]
300 ## - PHYSICAL DESCRIPTION
Pagination 236 p. ;
Size 17 cm.
490 0# - SERIES STATEMENT
Series statement Teach yourself books
500 ## - GENERAL NOTE
General note Includes index.
650 #0 - SUBJECT ADDED ENTRY--TOPICAL TERM
Topical term or geographic name as entry element English language
General subdivision Rhetoric
9 (RLIN) 152656
700 1# - ADDED ENTRY--PERSONAL NAME
Personal name Baron, Kathleen.
830 ## - SERIES ADDED ENTRY--UNIFORM TITLE
Uniform title Teach yourself books
942 ## - ADDED ENTRY ELEMENTS (KOHA)
Source of classification or shelving scheme Dewey Decimal Classification
Koha item type Books
Holdings
Lost status Source of classification or shelving scheme Damaged status Not for loan Collection code Permanent Location Current Location Shelving location Date acquired Source of acquisition Cost, normal purchase price Total Checkouts Full call number Date last seen Copy number Koha item type
  Dewey Decimal Classification     Non-fiction Central Library, University of Rajshahi Central Library, University of Rajshahi   20/04/1966 Commonwealth Australia 0.00   808 THT 1949 29/08/2016 C-2 Books